Legal protection of computer programs /

Bibliographic Details
Main Author: Niblett, Bryan
Format: Book
Language:English
Published: London : Oyez, [1980]
Subjects:

MARC

Tag First Indicator Second Indicator Subfields
LEADER 00000cam a2200000 a 4500
001 in00000091619
005 20150923131656.0
008 820722s1980 enk b 00110 eng
010 |a  81160942  
015 |a GB81-13608 
020 |a 0851205097 :  |c 910.00 
035 |a (OCoLC)08668241 
035 |9 AAK6950AM 
039 0 |a 2  |b 3  |c 3  |d 3  |e 3 
040 |a DLC  |c DLC  |d TXA  |d UtOrBLW 
043 |a e-uk--- 
049 |a TXAM  |c [1362614] 
050 0 0 |a KD1303.C65  |b N52 
100 1 |a Niblett, Bryan. 
245 1 0 |a Legal protection of computer programs /  |c Bryan Niblett. 
264 1 |a London :  |b Oyez,  |c [1980] 
264 4 |c ©1980 
300 |a xii, 155 pages ;  |c 22 cm. 
336 |a text  |b txt  |2 rdacontent 
337 |a unmediated  |b n  |2 rdamedia 
338 |a volume  |b nc  |2 rdacarrier 
500 |a Includes index. 
504 |a Bibliography: pages 139-141. 
650 0 |a Copyright  |x Computer programs  |z Great Britain. 
999 |a MARS 
999 f f |s 0823273c-b7fe-3ee8-973f-ac7bc3d87132  |i 2cc62bd1-f3a3-325e-9f7d-b8f9e2ef0efc  |t 0 
952 f f |p ric  |a Texas A&M University  |b Rellis Campus  |c Joint Library Facility  |d Remote Storage  |t 0  |e KD1303.C65 N52  |h Library of Congress classification  |i unmediated -- volume  |m A14806018294 
998 f f |a KD1303.C65 N52  |t 0  |l Remote Storage